Mont-de-Marsan - Choix Multiples - Statistiques

Statistiques générales
  • Ce quiz a été pris 52 fois
  • Le résultat moyen est 7 sur 10
Statistiques - réponses
Question Réponse % Correct
Quelle rivière se forme dans la ville, au confluent du Midou et de la Douze ? La Midouze
98%
Comment s'appellent les fêtes majeures de la ville, ferias où les habitants se parent de bleu ? Les Fêtes de la Madeleine
95%
Outre les ferias, Mont-de-Marsan accueille également le premier festival français de.. Flamenco
88%
Laquelle de ces images ne réprésente PAS un lieu de la ville ?
83%
Mont-de-Marsan est située sur le territoire de la Forêt des Landes, la plus grande forêt artificielle d'Europe de l'Ouest. Celle-ci fut créée pour quelle raison ? Pour éviter que le département ne devienne un désert.
80%
Quel est l'acronyme du réseau de bus principal de la ville ? TMA
68%
La ville est desservie par l'A65, reliant Pau à Langon, c'est, en-dehors de l'Île-de-France, l'autoroute la plus ... de France. chère
66%
Quel est la principale entreprise de la ville et du département ? La base aérienne 118
49%
Le Pays de Marsan et le Gabardan forment ensemble le territoire des ... Landes. Petites
46%
Laquelle de ces propositions n'est PAS une hypothèse de l'origine du nom de "Marsan" ? Cela voudrait dire "maraîcher", soulignant l'importance du commerce de légumes dans le développement de la ville.
12%
Aucun quiz correspondant
Distribution des résultats
% des personnes avec chaque résultat
Percentile par nombre de réponses
Votre historique - résultats
Vous n’avez pas pris ce quiz